Müller-Thurgau vo svetle histórie i súčasnosti

Bibliographic Details
Main Author: Pospíšilová, Dorota, 1930- (Author)
Format: Article
Language:Slovak
ISSN:0042-6326
Subjects:

MARC

LEADER 00000nab a2200000 a 4500
001 vtls000646474
003 SK-MaSNL
005 20260302182208.0
008 160401c1997 xo 0 slo
015 |a SNBRB19rr/mm-uuuuu 
035 |a CL0646613 
040 |a SNKBUCL  |b slo  |c SNKBUCL  |e AACR2 
041 0 |a slo 
044 |a xo  |c SK 
080 |a 634.85(4)  |2 1981 
100 1 |a Pospíšilová, Dorota,  |d 1930-  |4 aut  |9 194839 
245 1 0 |a Müller-Thurgau vo svetle histórie i súčasnosti  |c Dorota Pospíšilová 
650 0 7 |a vinič hroznorodý  |2 snkbucl  |9 15944 
655 7 |a články z novín a časopisov  |2 snkbucl  |9 267496 
773 0 |x 0042-6326  |t Vinohrad  |g Roč. 35, č. 6 (1997), s. 129-130 
850 |a Slovenská národná knižnica v Martine  |a MTA001 
852 |a SNK  |b KIS3GCP 
958 |a RK 
958 |a RBX 
999 |c 1417413  |d 1419343